000 00576nam a2200205Ia 4500
005 20250508164240.0
008 008 250505s9999 xx 000 0 eng d
020 _a081-7450-264-5
037 _aReference
040 _aFEDL
_beng
_cFEDL
041 _aeng
_2eng
084 _a510, NCE
_qFEDL
100 _aSingal Asha Rani Ed.
_9777774
245 0 _aMathematics : Textbook for class VII
245 0 _cNational Council of Educational Research and Training
260 _c2003
300 _avii,327p.
942 _cREF
_h510, NCE
999 _c1387930
_d1387930